| 000 | 00652nam a2200217 i 4500 | ||
|---|---|---|---|
| 001 | 131020 | ||
| 003 | ES-MaACL | ||
| 005 | 20230906193911.0 | ||
| 007 | t| | ||
| 008 | 070214s1973 sp a |||| |bspa d | ||
| 080 | _a929 Pio XII. Papa | ||
| 100 | 1 |
_aRoche, Georges. _998062 |
|
| 245 | 1 | 3 |
_aUn Papa ante la historia / _cGeorges Roche ; Philippe Saint Germain ; versión de C. Soler. |
| 250 | _a1ª ed. | ||
| 260 |
_aBarcelona : _bLuis Caralt, _c1973. |
||
| 300 |
_a509 p. : _bil. ; _c22 cm. |
||
| 600 | 0 | 4 |
_aPío _bXII, _cPapa. _992302 |
| 700 | 1 |
_aSaint Germain, Philippe. _9101525 |
|
| 700 | 1 |
_aSoler, C. _9107139 |
|
| 852 |
_aES-MaACL _jC-52377 |
||
| 999 |
_c131020 _d131020 |
||